| 000 | 01330cad a22002535a 4500 | ||
|---|---|---|---|
| 001 | E147935 | ||
| 008 | 090702s2009 xxk f l s000 0 eng d | ||
| 035 | _a(Sirsi) u147935 | ||
| 041 | 0 | _aeng | |
| 110 | 2 |
_aScotland _kLaws, etc |
|
| 245 | 0 | 4 |
_aThe Crofting Community Body (Prescribed Form of Application and Notice) (Scotland) Regulations 2009 _h[electronic resource] |
| 260 |
_aEdinburgh _bScottish Government _c2009 |
||
| 490 | 0 |
_aScottish Statutory Instrument _v2009: 160 |
|
| 520 | _aRevoke the Crofting Community Body Form of Application for Consent to Buy Croft Land etc. and Notice of Ministers' Decision (Scotland) Regulations 2004, and set out the form of application to be used by a crofting community body under the Land Reform (Scotland) Act 2003 S73(2), as well as the form of the notice issued by Ministers under S82. | ||
| 520 | _aComes into force 15 June 2009. | ||
| 521 | _aAdvanced | ||
| 590 | _aKA | ||
| 650 | 2 | 4 | _aLAND REFORM (SCOTLAND) ACT 2003 |
| 650 | 2 | 4 | _aCROFTING COMMUNITY BODY (PRESCRIBED FORM OF APPLICATION AND NOTICE) (SCOTLAND) REGULATIONS 2009 |
| 651 | 4 |
_aScotland _y1999- |
|
| 690 |
_aPlanning and development _96259 |
||
| 856 | 4 | 0 |
_uhttps://www.opsi.gov.uk/legislation/scotland/ssi2009/ssi_20090160_en_1 _zView the statutory instrument free of charge at www.opsi.gov.uk... |
| 942 | _n0 | ||
| 999 |
_c109801 _d109801 |
||